[Event "GER-ch U10 Girls"]
[Site "Willingen"]
[Date "2023.05.30"]
[Round "5"]
[White "Heidtkamp, Anna"]
[Black "Shynkar, Daria"]
[Result "0-1"]
[WhiteElo "1352"]
[BlackElo "1179"]
[PlyCount "150"]
[EventDate "2023.05.27"]
[EventType "swiss"]
[EventRounds "11"]
[EventCountry "GER"]
[SourceTitle "CBM 214 Extra"]
[Source "ChessBase"]
[SourceDate "2023.07.31"]
[SourceVersion "1"]
[SourceVersionDate "2023.07.31"]
[SourceQuality "1"]

1. e4 c5 2. Nf3 Nc6 3. d3 e5 4. g3 Nf6 5. Bg2 Be7 6. 0-0 0-0 7. h4 d6 8. Re1 Bg4 9. c3 b5 10. Be3 a5 11. a3 b4 12. c4 Qb6 13. Nbd2 Rfb8 14. a4 h6 15. Nf1 Nd4 16. Bxd4 cxd4 17. N1h2 Bh5 18. Bh3 Bxf3 19. Qxf3 Qc6 20. Ng4 Rb7 21. Nxf6+ Bxf6 22. Qe2 Rab8 23. b3 g6 24. Bg2 Qd7 25. f4 Rc7 26. fxe5 Bxe5 27. Kh2 Qe7 28. Rf1 Qxh4+ 29. Kg1 Qxg3 30. Rf3 Qg4 31. Kf2 Qh4+ 32. Kg1 Bf4 33. Rh3 Qg5 34. Qf3 Be3+ 35. Kh1 Qf4 36. Qxf4 Bxf4 37. Rf1 Be3 38. Rf6 Rd8 39. Rg3 Kg7 40. Rf5 Rc5 41. Rf1 Rh5+ 42. Bh3 Re8 43. Rgf3 Re7 44. Kh2 g5 45. Rf5 Rh4 46. R1f3 g4 47. Rg3 Rxh3+ 48. Rxh3 gxh3 49. Rxa5 Kf6 50. Kxh3 Re8 51. Ra6 Ke5 52. Ra5+ Ke6 53. Ra6 Rc8 54. Ra5 Rc5 55. Rxc5 dxc5 56. Kg4 Bg5 57. Kh5 Bf4 58. Kg4 Bb8 59. a5 Ke5 60. a6 Ke6 61. Kh5 Kd7 62. Kxh6 Ba7 63. Kg5 Ke6 64. Kf4 f6 65. Kg4 Bb8 66. Kf3 f5 67. exf5+ Kxf5 68. Ke2 Kf4 69. Kf2 Ba7 70. Ke2 Kg3 71. Ke1 Kf3 72. Kd2 Kf2 73. Kd1 Ke3 74. Kc2 Ke2 75. Kc1 Kxd3 0-1

[Event "GER-ch U10 Girls"]
[Site "Willingen"]
[Date "2023.05.28"]
[Round "2"]
[White "Lange, Lene Marie"]
[Black "Heidtkamp, Anna"]
[Result "0-1"]
[WhiteElo "1168"]
[BlackElo "1352"]
[PlyCount "118"]
[EventDate "2023.05.27"]
[EventType "swiss"]
[EventRounds "11"]
[EventCountry "GER"]
[SourceTitle "CBM 214 Extra"]
[Source "ChessBase"]
[SourceDate "2023.07.31"]
[SourceVersion "1"]
[SourceVersionDate "2023.07.31"]
[SourceQuality "1"]

1. d4 d5 2. Bf4 Nf6 3. e3 e6 4. c3 c5 5. Nd2 Nc6 6. Ngf3 Bd6 7. Bg3 cxd4 8. cxd4 Bxg3 9. hxg3 Bd7 10. Bb5 Qb6 11. Qa4 0-0 12. Bxc6 Bxc6 13. Qc2 Rfc8 14. Rc1 Bd7 15. Qb1 Rxc1+ 16. Qxc1 Rc8 17. Qb1 Qc7 18. 0-0 Bb5 19. Re1 Ng4 20. Nb3 b6 21. Rc1 Qd7 22. Rxc8+ Qxc8 23. Ng5 g6 24. Qd1 Nf6 25. Qf3 Qd8 26. Nd2 Bd3 27. e4 dxe4 28. Ndxe4 Bxe4 29. Nxe4 Nxe4 30. Qxe4 Qc8 31. Kf1 Qc1+ 32. Qe1 Qxb2 33. Qe5 Qb1+ 34. Ke2 Qxa2+ 35. Kf3 Qd5+ 36. Qxd5 exd5 37. Ke2 Kg7 38. Kd3 Kf6 39. Kc3 Kf5 40. Kb4 a6 41. f3 g5 42. Ka4 g4 43. Kb4 h5 44. Ka4 Ke6 45. Kb4 Kd6 46. Ka4 b5+ 47. Ka5 Kc6 48. fxg4 hxg4 49. Kb4 Kd6 50. Ka5 Ke6 51. Kb4 Kf5 52. Kc5 Ke4 53. Kb4 Kxd4 54. Kb3 Ke3 55. Kc3 d4+ 56. Kc2 Ke2 57. Kb3 d3 58. Kb4 d2 59. Ka5 d1Q 0-1

[Event "GER-ch U10 Girls"]
[Site "Willingen"]
[Date "2022.06.10"]
[Round "10"]
[White "Heidtkamp, Anna"]
[Black "Beimler, Annemarie"]
[Result "1-0"]
[WhiteElo "1163"]
[BlackElo "954"]
[PlyCount "123"]
[EventDate "2022.06.04"]
[EventType "swiss"]
[EventRounds "11"]
[EventCountry "GER"]
[SourceTitle "CBM 208 Extra"]
[Source "ChessBase"]
[SourceDate "2022.07.31"]
[SourceVersion "1"]
[SourceVersionDate "2022.07.31"]
[SourceQuality "1"]

1. e4 c6 2. d4 d5 3. e5 g6 4. Bd3 Bg7 5. Nc3 Bf5 6. Bxf5 gxf5 7. Nf3 e6 8. 0-0 Nd7 9. Re1 Qc7 10. Bg5 f6 11. exf6 Ndxf6 12. Rxe6+ Kd7 13. Re1 Rd8 14. Ne5+ Kc8 15. Qf3 Nh6 16. Bxh6 Bxh6 17. Qxf5+ Nd7 18. Nxd7 Qxd7 19. Qxd7+ Rxd7 20. Rad1 Rg8 21. g3 Bg5 22. Kh1 Rd6 23. f4 Bd8 24. Re5 Bf6 25. Rh5 Rg7 26. Rh6 Be7 27. Rxd6 Bxd6 28. a3 h5 29. Re1 h4 30. Rg1 hxg3 31. hxg3 Kd7 32. Kh2 Ke6 33. Rg2 c5 34. Re2+ Kd7 35. dxc5 Rh7+ 36. Kg2 Bxc5 37. Nxd5 Kd6 38. Nf6 Rh6 39. Ne4+ Kd5 40. Nxc5 Kxc5 41. f5 Kd6 42. g4 Rh4 43. Kg3 Rh1 44. f6 Rh8 45. g5 Rg8 46. Kg4 a5 47. f7 Rf8 48. g6 Kd7 49. Kg5 b5 50. Kf6 b4 51. a4 b3 52. c3 Kd6 53. Re8 Rxe8 54. fxe8Q Kc5 55. Qb5+ Kd6 56. Qe5+ Kc6 57. c4 Kd7 58. Qe6+ Kc7 59. c5 Kd8 60. Qe7+ Kc8 61. c6 Kb8 62. Qb7# 1-0

[Event "GER-ch U10 Girls"]
[Site "Willingen"]
[Date "2022.06.08"]
[Round "6"]
[White "Yang, Sophie"]
[Black "Heidtkamp, Anna"]
[Result "1-0"]
[WhiteElo "1209"]
[BlackElo "1163"]
[PlyCount "91"]
[EventDate "2022.06.04"]
[EventType "swiss"]
[EventRounds "11"]
[EventCountry "GER"]
[SourceTitle "CBM 208 Extra"]
[Source "ChessBase"]
[SourceDate "2022.07.31"]
[SourceVersion "1"]
[SourceVersionDate "2022.07.31"]
[SourceQuality "1"]

1. e4 e5 2. f4 exf4 3. Nf3 Nc6 4. Bb5 Be7 5. 0-0 a6 6. Bc4 d6 7. Nc3 Bg4 8. d4 Nf6 9. Bxf4 0-0 10. d5 Ne5 11. Be2 Nxf3+ 12. Bxf3 Bxf3 13. Qxf3 Nd7 14. Qg4 Ne5 15. Qg3 Bh4 16. Qh3 Bg5 17. Bxe5 dxe5 18. Ne2 Qd6 19. Qb3 Qb6+ 20. Kh1 Qxb3 21. axb3 Rad8 22. Nc3 Rd6 23. Na4 b6 24. Rad1 Rfd8 25. c4 Be3 26. Rf3 Bd4 27. Rdf1 f6 28. Rg3 c6 29. Nc3 c5 30. Ra1 Bxc3 31. bxc3 Ra8 32. Rd3 Kf7 33. Rd2 Rd7 34. b4 cxb4 35. cxb4 Rc7 36. Rc2 b5 37. c5 Rca7 38. Rca2 g5 39. Kg1 Rg8 40. Rxa6 Rxa6 41. Rxa6 Rg6 42. Ra7+ Kg8 43. c6 Kh8 44. c7 Rg8 45. d6 g4 46. d7 1-0

[Event "GER-ch U10 Girls"]
[Site "Willingen"]
[Date "2022.06.05"]
[Round "1"]
[White "Heidtkamp, Anna"]
[Black "Stiehler, Ellen"]
[Result "1-0"]
[WhiteElo "1163"]
[BlackElo "918"]
[PlyCount "101"]
[EventDate "2022.06.04"]
[EventType "swiss"]
[EventRounds "11"]
[EventCountry "GER"]
[SourceTitle "CBM 208 Extra"]
[Source "ChessBase"]
[SourceDate "2022.07.31"]
[SourceVersion "1"]
[SourceVersionDate "2022.07.31"]
[SourceQuality "1"]

1. e4 d5 2. exd5 Qxd5 3. Nc3 Qa5 4. Nf3 c6 5. Bc4 Nf6 6. h3 Bf5 7. d3 Nbd7 8. 0-0 0-0-0 9. Bf4 e5 10. Bh2 Qb4 11. Rb1 Bg6 12. Nxe5 Bd6 13. Nxf7 Bxf7 14. Bxd6 Qxd6 15. Bxf7 Qb4 16. Re1 Nc5 17. a3 Qh4 18. Qf3 Rhf8 19. Ba2 Nd5 20. Qg4+ Qxg4 21. hxg4 Nxc3 22. bxc3 Rf4 23. f3 Ra4 24. Be6+ Nxe6 25. Rxe6 Rxa3 26. Re7 Rd7 27. Re8+ Rd8 28. Rxd8+ Kxd8 29. Rxb7 Rxc3 30. Rxa7 Rxc2 31. Rxg7 Rd2 32. Rxh7 Rxd3 33. Rf7 c5 34. g5 Ke8 35. g6 c4 36. Rc7 Kf8 37. Rxc4 Rd1+ 38. Kh2 Kg7 39. Rg4 Rd8 40. f4 Kh6 41. f5 Kh5 42. Rg3 Rg8 43. g7 Kh6 44. f6 Rd8 45. g8Q Rxg8 46. Rxg8 Kh7 47. Rg3 Kh6 48. f7 Kh7 49. Kh1 Kh8 50. f8Q+ Kh7 51. Qg7# 1-0

[Event "GER-ch U10 Girls"]
[Site "Willingen"]
[Date "2022.06.05"]
[Round "2"]
[White "Hladeniuk, Yelyzaveta"]
[Black "Heidtkamp, Anna"]
[Result "1-0"]
[WhiteElo "1019"]
[BlackElo "1163"]
[PlyCount "141"]
[EventDate "2022.06.04"]
[EventType "swiss"]
[EventRounds "11"]
[EventCountry "GER"]
[SourceTitle "CBM 208 Extra"]
[Source "ChessBase"]
[SourceDate "2022.07.31"]
[SourceVersion "1"]
[SourceVersionDate "2022.07.31"]
[SourceQuality "1"]

1. d4 d5 2. c4 e6 3. Nc3 Nf6 4. cxd5 exd5 5. Bg5 Be7 6. e3 0-0 7. Bd3 b6 8. Nf3 Bb7 9. 0-0 Nbd7 10. Qc2 h6 11. Bh4 Re8 12. h3 Qc8 13. Qb3 Qd8 14. Qa4 a6 15. Bf5 b5 16. Qb3 c6 17. Rfc1 a5 18. a3 a4 19. Qc2 Bc8 20. b3 axb3 21. Qxb3 Nb6 22. Bxc8 Qxc8 23. Ne5 Nbd7 24. Nxd7 Qxd7 25. a4 bxa4 26. Nxa4 Reb8 27. Nb6 Rxa1 28. Rxa1 Qb7 29. Rb1 g5 30. Bg3 Rd8 31. Na4 Qxb3 32. Rxb3 Bd6 33. Bxd6 Rxd6 34. Rb6 Nd7 35. Ra6 Kg7 36. Kh2 Kf6 37. g4 Ke7 38. Ra7 Kf6 39. Kg3 Nf8 40. Nc5 Rd8 41. Rc7 Rd6 42. Nb7 Ne6 43. Rxf7+ Kxf7 44. Nxd6+ Kf6 45. Nf5 c5 46. dxc5 Nxc5 47. Nxh6 Ne4+ 48. Kg2 Nd2 49. Nf5 Ke5 50. Ng3 Ke6 51. Nf1 Ne4 52. Ng3 Nd2 53. Nf5 Ke5 54. h4 gxh4 55. Nxh4 Ne4 56. Nf3+ Kf6 57. g5+ Nxg5 58. Nxg5 Kxg5 59. Kg3 Kf5 60. Kf3 Ke5 61. Ke2 Ke4 62. f3+ Kf5 63. Kd3 Ke5 64. f4+ Kf5 65. Kd4 Ke6 66. Kc5 Kf6 67. Kxd5 Kf5 68. e4+ Kxf4 69. e5 Kf5 70. Kd6 Kg6 71. Kd7 1-0

[Event "GER-ch U10 Girls"]
[Site "Willingen"]
[Date "2021.08.27"]
[Round "8"]
[White "Heidtkamp, Anna"]
[Black "Kuehne, Malin"]
[Result "1-0"]
[WhiteElo "1132"]
[BlackElo "938"]
[PlyCount "115"]
[EventDate "2021.08.22"]
[EventType "swiss"]
[EventRounds "11"]
[EventCountry "GER"]
[SourceTitle "EXT 2022"]
[Source "ChessBase"]
[SourceDate "2021.10.06"]
[SourceVersion "1"]
[SourceVersionDate "2021.10.06"]
[SourceQuality "1"]

1. e4 e5 2. Nf3 Nc6 3. Bc4 Bc5 4. c3 Nf6 5. d4 exd4 6. cxd4 Bb4+ 7. Bd2 Bxd2+ 8. Nbxd2 d5 9. exd5 Nxd5 10. 0-0 0-0 11. Re1 Bf5 12. Nb3 Nb6 13. Bb5 Bd7 14. Nc5 Rb8 15. Rc1 Ne7 16. Bxd7 Nxd7 17. h3 g6 18. Qe2 Re8 19. Rcd1 a6 20. Qc2 c6 21. Qb3 Nxc5 22. dxc5 Qa5 23. Rd7 Qxc5 24. Rxb7 Rxb7 25. Qxb7 a5 26. a3 Qd6 27. Qb6 Qd5 28. Qd4 Qxd4 29. Nxd4 c5 30. Nc6 Kf8 31. Nxa5 Rb8 32. Nc4 Nd5 33. Rb1 Nf4 34. Kf1 Ke7 35. h4 Ke6 36. g3 Nh5 37. Ke2 Kd5 38. Kd3 Nf6 39. f3 h6 40. a4 Rb4 41. Rc1 Nd7 42. a5 Ra4 43. b3 Ra2 44. Rc2 Ra1 45. Kc3 Nb8 46. Kb2 Rf1 47. Ne3+ Kd4 48. Nxf1 Na6 49. Rd2+ Ke5 50. Kc3 g5 51. hxg5 hxg5 52. Kc4 Ke6 53. Kb5 Nc7+ 54. Kb6 Nd5+ 55. Rxd5 Kxd5 56. a6 Kd6 57. a7 Kd7 58. a8Q 1-0

[Event "GER-ch U10 Girls"]
[Site "Willingen"]
[Date "2020.10.28"]
[Round "2"]
[White "Heidtkamp, Anna"]
[Black "Zimmermann, Lilly Marie"]
[Result "0-1"]
[WhiteElo "1078"]
[BlackElo "851"]
[PlyCount "46"]
[EventDate "2020.10.26"]
[EventType "swiss"]
[EventRounds "7"]
[EventCountry "GER"]
[SourceTitle "CBM 199 Extra"]
[Source "ChessBase"]
[SourceDate "2021.01.31"]
[SourceVersion "1"]
[SourceVersionDate "2021.01.31"]
[SourceQuality "1"]

1. e4 e5 2. Nf3 Nc6 3. Bc4 Nf6 4. Nc3 Bc5 5. 0-0 d6 6. h3 0-0 7. d3 h6 8. Re1 Nh5 9. Be3 Qf6 10. Bxc5 dxc5 11. Qd2 Qg6 12. Rad1 Bxh3 13. Nh4 Qg4 14. g3 g5 15. Nf5 Qf3 16. Ne3 Nf4 17. gxf4 exf4 18. a3 fxe3 19. fxe3 Ne5 20. Qh2 Ng4 21. Rd2 Nxh2 22. Rxh2 Qg3+ 23. Kh1 Qxe1# 0-1

[Event "Bad Soden U10 op"]
[Site "Bad Soden"]
[Date "2019.10.06"]
[Round "9"]
[White "Angrick, Otto Nikolaus"]
[Black "Heidtkamp, Anna"]
[Result "1-0"]
[WhiteElo "1009"]
[BlackElo "814"]
[PlyCount "55"]
[EventDate "2019.10.03"]
[EventType "swiss"]
[EventRounds "9"]
[EventCountry "GER"]
[SourceTitle "CBM 192 Extra"]
[Source "Chessbase"]
[SourceDate "2019.11.06"]
[SourceVersion "1"]
[SourceVersionDate "2019.11.06"]
[SourceQuality "1"]

1. e4 e5 2. Nf3 Nc6 3. Bc4 Bc5 4. 0-0 Nf6 5. d4 exd4 6. Bg5 0-0 7. c3 dxc3 8. Nxc3 d6 9. h3 h6 10. Bh4 Qe7 11. Nd5 Qd8 12. Nxf6+ gxf6 13. Nd2 Re8 14. Qh5 Kh7 15. Qxf7+ Kh8 16. Bxf6+ Qxf6 17. Qxf6+ Kh7 18. Qf7+ Kh8 19. Qxe8+ Kh7 20. Bd3 Bd4 21. e5+ Kg7 22. Qg6+ Kf8 23. Bc4 Ke7 24. Qf7+ Kd8 25. Ne4 Nxe5 26. Qf8+ Kd7 27. Bd5 Bxb2 28. Nf6# 1-0